| 000 | 00522nam a2200205Ia 4500 | ||
|---|---|---|---|
| 003 | OSt | ||
| 005 | 20230506121111.0 | ||
| 008 | 210423s2007 xx 000 0 und d | ||
| 020 | _a97881313026 | ||
| 040 | _cAL | ||
| 041 | _aeng | ||
| 082 | _a174.9574 RAMR | ||
| 100 |
_aRAMAMURTHII (R);BALI (Geetha). _999357 |
||
| 245 | _aBioethics and biosafety. | ||
| 260 |
_aNew Delhi _bA P H Publishing Corporation _c2007 |
||
| 300 |
_a308 _bPB |
||
| 365 |
_b695 _cINR |
||
| 906 | _aBioethics ; biosafety. | ||
| 942 |
_2ddc _cBK |
||
| 999 |
_c163460 _d163460 |
||